| 000 | 01450nac a22002771u 4500 | ||
|---|---|---|---|
| 008 | 091208t xxu||||| |||| 00| 0 eng d | ||
| 010 | _a 2004269766 | ||
| 020 | _a9810681380 | ||
| 020 | _a9789810681388 | ||
| 082 | 0 | 0 |
_a620.105 _bHIB |
| 100 |
_aSchiavone, Peter. _99742 |
||
| 245 | 1 | 0 |
_aEngineering Mechanics : _bDynamic : Dynamics Study Pack Chapter Reviews, Free Body Diagram Work Book / _c Peter Schiavone; R.C. Hibbeler |
| 246 | 3 | 0 | _aStatics. |
| 250 | _a12th ed. | ||
| 260 |
_aUpper Saddle River, NJ : _bPrentice Hall, 2010 _c2010 |
||
| 300 |
_a160 p. : _bill. ; _c25 cm. |
||
| 650 | 0 |
_aDynamics. _918767 |
|
| 650 | 0 |
_aDynamics _922678 _xproblems, exercises |
|
| 700 |
_aHibbeler, R. C. _910021 |
||
| 942 |
_cNB _k620.105 HIB _2ddc |
||
| 999 |
_c15041 _d15041 |
||